ბათუმის შოთა რუსთაველის სახელმწიფო უნივერსიტეტის ბიბლიოთეკა

სამედიცინო ფიზიკა და ბიოფიზიკა ტ. 2 : (ბიბ.ჩანაწერი № 55606)

000 -ლიდერი
ფიქსირებული სიგრძის საკონტროლო ველი 02063nam a2200301Ia 4500
001 - საკონტროლო ნომერი
საკონტროლო ველი 22701
003 - საკონტროლო ნომრის იდენტიფიკატორი
საკონტროლო ველი GE_BSU
005 - ბოლო ოპერაციის თარიღი და დრო
საკონტროლო ველი 20230421175226.0
008 - ფიქსირებული სიგრძის მონაცემთა ელემენტები - ზოგადი ინფორმაცია
ფიქსირებული სიგრძის საკონტროლო ველი 181216s ||||ge |||||||||||||| ||geo||
020 ## - წიგნის საერთაშორისო სტანდარტული ნომერი
International Standard Book Number 9789941091681:9789941091698
040 ## - კატალოგიზაციის წყარო
Transcribing agency GE_BSU
080 ## - უნივერსალური ათობითი კლასიფიკაციის ინდექსი
Universal Decimal Classification number 61(075.8) ს-26
100 ## - მთავარი ჩანაწერი - პიროვნების სახელი
Personal name სანიკიძე, თამარ
9 (RLIN) 17741
245 ## - ცნობა სათაურის შესახებ
Title სამედიცინო ფიზიკა და ბიოფიზიკა ტ. 2 :
Remainder of title [სახელმძღვანელო] /
Statement of responsibility, etc თამარ სანიკიძე, რამინ ანთია ; მეორე გამოც. რედ. თამაზ მძინარიშვილი.
250 ## - გამოცემის ცნობა
Edition statement მე-2 გამოცემა
264 ## - წარმოების, გამოცემის, დისტრიბუციის და სხვა ცნობები
გამოცემის, წარმოების, დისტრიბუციის... ადგილი თბილისი :
გამოცემის, წარმოების, დისტრიბუციის... სახელწოდება [საქ. მეცნ. ეროვნული აკადემიის სტამბა],
გამოცემის, წარმოების, დისტრიბუციის... თარიღი 2016.
300 ## - ფიზიკური აღწერა
Extent 355 გვ. :
Other physical details ილ. ;
Dimensions 29 სმ.
500 ## - ზოგადი შენიშვნა
General note სახელმძღვანელო დაბეჭდილია "BME-ENA'' ბიოსამედიცინო განათლება ტემპუსის ინიციატივა აღმოსავლეთ პარტნიორ ქვეყნებისათვის
520 ## - SUMMARY, ETC.
Summary, etc სახელმძღვანელო დაბეჭდილიაBME-ENA''ბიოსამედიცინო განათლება ტემპუსის ინიციატივა აღმოსავლეთ პარტნიორ ქვეყნებისათვის.
653 ## - INDEX TERM--UNCONTROLLED
Uncontrolled term მედიცინა
653 ## - INDEX TERM--UNCONTROLLED
Uncontrolled term სამედიცინო ფიზიკა და ბიოფიზიკა : ტ.2
653 ## - INDEX TERM--UNCONTROLLED
Uncontrolled term სამედიცინო ფიზიკა
653 ## - INDEX TERM--UNCONTROLLED
Uncontrolled term ბიოფიზიკა
700 ## - ADDED ENTRY--PERSONAL NAME
Personal name ანთია, რამინ
Relator term ავტორი
9 (RLIN) 3380
700 ## - ADDED ENTRY--PERSONAL NAME
Personal name მძინარიშვილი, თამაზ
Relator term რედაქტორი
9 (RLIN) 17742
942 ## - ADDED ENTRY ELEMENTS (KOHA)
Koha item type წიგნი
Source of classification or shelving scheme
ეგზემპლარები
ჩამოწერის სტატუსი დაკარგული ეგზემპლარის სტატუსი კლასიფიკაციის წყარო ან თაროზე გაწყობის სქემა დაზიანების სტატუსი არ გაიცემა მუდმივი მდებარეობა (დაცვის ადგილი) ამჟამინდელი ადგილსამყოფელი თაროზე განთავსების ადგილი შეძენის თარიღი ღირებულება, შესყიდვის ნორმალური ფასი სრული შენახვის შიფრი შტრიხკოდი ბოლო ოპერაციის თარიღი ეგზემპლარის მიმდევრობითი ნომერი (კეტერი?) ფასის ძალაში შესვლის თარიღი ეგზემპლარის სახეობა საჯარო შენიშვნა
          ბათუმის შოთა რუსთაველის სახელმწიფო უნივერსიტეტის მთავარი ბიბლიოთეკა ბათუმის შოთა რუსთაველის სახელმწიფო უნივერსიტეტის მთავარი ბიბლიოთეკა წიგნსაცავი 2018-12-17 10.00 61(075.8) ს-26 58117 2018-12-17 58117 2018-12-17 წიგნი 10.00 ₾.
          ბათუმის შოთა რუსთაველის სახელმწიფო უნივერსიტეტის მთავარი ბიბლიოთეკა ბათუმის შოთა რუსთაველის სახელმწიფო უნივერსიტეტის მთავარი ბიბლიოთეკა წიგნსაცავი 2018-12-17 10.00 61(075.8) ს-26 58118 2018-12-17 58118 2018-12-17 წიგნი 10.00 ₾.